Native American tribes: what state? - Statistics

General Stats
  • This quiz has been taken 95 times
    87 since last reset
  • The average score is 9 of 15
Answer Stats
Hint Answer % Correct
Pueblo of Jemez New Mexico
85%
Sioux South Dakota
85%
Seminole Florida
84%
Aleut Alaska
81%
Navajo Arizona
78%
Nottawaseppi Huron Michigan
68%
Crow Montana
57%
Choctaw Mississippi
53%
Chinookan peoples Oregon
47%
La Jolla California
46%
Shoshone Idaho
44%
Ho-Chunk Wisconsin
38%
Chickasaw Tennessee
37%
Mohegan Connecticut
34%
Shinnecock New York
32%
No matching quizzes found
Score Distribution
Percent of People with Each Score
Percentile by Number Answered
Your Score History
You have not taken this quiz since the last reset